The five masks of Dr. Screem / (Record no. 2688)

MARC details
000 -LEADER
fixed length control field 01505cam a22003137a 4500
005 - DATE AND TIME OF LATEST TRANSACTION
control field 20240111133419.0
020 ## - INTERNATIONAL STANDARD BOOK NUMBER
International Standard Book Number 9780545289368
040 ## - CATALOGING SOURCE
Original cataloging agency BTCTA
Language of cataloging eng
Transcribing agency BTCTA
Modifying agency BKX
-- ZAC
-- WL8
-- GO3
-- DLC
050 00 - LIBRARY OF CONGRESS CALL NUMBER
Classification number PZ7.S86037
Item number 2011
082 04 - DEWEY DECIMAL CLASSIFICATION NUMBER
Classification number 813.54
100 1# - MAIN ENTRY--PERSONAL NAME
Personal name Stine, R. L
245 14 - TITLE STATEMENT
Title The five masks of Dr. Screem /
Statement of responsibility, etc. R.L. Stine.
250 ## - EDITION STATEMENT
Edition statement First Scholastic printing, July 2011
260 ## - PUBLICATION, DISTRIBUTION, ETC.
Place of publication, distribution, etc. New York :
Name of publisher, distributor, etc. Scholastic,
Date of publication, distribution, etc. 2011
300 ## - PHYSICAL DESCRIPTION
Extent 173 p.ages :
Dimensions 20 cm.
Other physical details illustration ;
490 1# - SERIES STATEMENT
Series statement Goosebumps Hall of Horror ;
Volume/sequential designation Book 3
505 ## - FORMATTED CONTENTS NOTE
Formatted contents note G <br/>
520 ## - SUMMARY, ETC.
Summary, etc. "Monica Anderson thinks her biggest problem is taking her karate-chopping younger brother, Peter, trick-or-treating on Halloween. But she is wrong. After knocking on the door of an old, creepy house the kids are met by a strange woman pleading for their help. The evil Dr. Screem is after five horribly ugly ancient masks. These artifacts have the power to manipulate the world around them. Monica and Peter don't want to help, but they must retrieve the masks and defeat Screem. Unfortunately, nothing on Halloween is what it appears to be...." -- P. [4] of cover.
521 0# - TARGET AUDIENCE NOTE
Target audience note 400 <br/>
Source Lexile <br/>
521 1# - TARGET AUDIENCE NOTE
Target audience note G <br/>
Source Raz-Plus <br/>
650 #0 - SUBJECT ADDED ENTRY--TOPICAL TERM
Topical term or geographic name entry element Brothers and sisters
Form subdivision Juvenile fiction.
650 #0 - SUBJECT ADDED ENTRY--TOPICAL TERM
Topical term or geographic name entry element Masks
Form subdivision Juvenile fiction.
650 #0 - SUBJECT ADDED ENTRY--TOPICAL TERM
Topical term or geographic name entry element Physicians
Form subdivision Juvenile fiction.
650 #0 - SUBJECT ADDED ENTRY--TOPICAL TERM
Topical term or geographic name entry element Paranormal fiction.
650 #1 - SUBJECT ADDED ENTRY--TOPICAL TERM
Topical term or geographic name entry element Horror stories.
906 ## - LOCAL DATA ELEMENT F, LDF (RLIN)
a 7
b cbc
c copycat
d 2
e ncip
f 20
g y-gencatlg
942 ## - ADDED ENTRY ELEMENTS (KOHA)
Source of classification or shelving scheme Dewey Decimal Classification
Koha item type Books
Suppress in OPAC No
999 ## -
-- 2688
-- 2688
Holdings
Withdrawn status Lost status Source of classification or shelving scheme Damaged status Not for loan Collection Home library Current library Shelving location Date acquired Total Checkouts Full call number Barcode Date last seen Date last checked out Price effective from Koha item type
    Dewey Decimal Classification     Juvenile Fiction Footprints International School Library Network Toul Kork Campus Footprints International School Library Network Toul Kork Campus   01/10/2024 2 STI 813.54 PZ7.S86037 FISSE02394 09/17/2025 09/08/2025 01/10/2024 Books